00570 a2200121 4500082001600000100002000016245018000036260005100216300003200267650004100299999001300340952009500353 a620.136 ACI aMalhotra, V. M. aRepair, Rehabilitation, and Maintenance of Concrete Structures and Innovations in Design and Construction : Proceedings: Fourth International ConferencecEditor V. M. Malhotra aMichigan :bAmerican Concrete Institute,c2000 aix, 1096p. :bill. ;c23 cm aRehabilitation - concrete structures c845d845 00104070aNITbNITcCEd0000-00-00l0o620.136 ACIpNIT-714 r2017-01-05w2017-01-05yBK